000 00699nam a22001817a 4500
999 _c63247
_d63247
003 Ge_BSU
005 20250703142151.0
008 250703s2007 ge ||||| |||| 00| 0 geo d
041 _ageo
080 _a336.711(479.22) წ-70
245 _aწლიური ანგარიში, 2007 :
_bსაქართველო. ეროვნული ბანკი
264 _aთბილისი,
_c2007.
300 _a128 გვ.:
_bილ;
_c30 სმ.
653 _aწლიური ანგარიში, 2007.
653 _aფინანსები
710 _aსაქართველოს ეროვნული ბანკი
_925608
942 _2udc
_cᲬᲘᲒᲜᲘ